| 000 | 00913cam a22002657a 4500 | ||
|---|---|---|---|
| 005 | 20220817043045.0 | ||
| 008 | 971010s1986 r 10010 d | ||
| 010 | _a64213 | ||
| 011 | _a65185 | ||
| 035 | _a71449 | ||
| 082 |
_a631.4063 _bC7p 1986 |
||
| 111 | 0 | 0 |
_aCongreso Nacional de la Ciencia del Suelo ( _n19 _d: 1986 _c: Manzanillo, Col.) _927057 |
| 245 | 0 | _aPrograma general y resúmenes | |
| 260 |
_aMéxico : _bLa Sociedad, _c1986 |
||
| 300 | _a118 p. | ||
| 590 |
_aBATCH-UPD _b10 _c20130110 _lUCH01 _h1523 |
||
| 590 |
_aBATCH-UPD _b10 _c20130410 _lUCH01 _h0934 |
||
| 590 |
_aBATCH-UPD _b10 _c20130914 _lUCH01 _h1032 |
||
| 590 |
_aCONVERSION _b10 _c20130109 _lUCH01 _h1335 |
||
| 650 | 1 | 4 |
_aSuelos _xCongresos. _9110281 |
| 650 | 1 | 4 |
_aSuelos _xCongresos _xMéxico. _9110282 |
| 710 | 0 | _aSociedad Mexicana de la Ciencia del Suelo. | |
| 901 | _aBK | ||
| 949 |
_a631.4063 C7p 1986 _bS _cLIBRO _d-4075 _eLIBRO _h3701 _i71449 _si |
||
| 999 |
_c64213 _d64213 |
||